| 000 | 00748nas a2200241 4500 | ||
|---|---|---|---|
| 001 | BR7306766 | ||
| 003 | BR-BrBNA | ||
| 005 | 20231205082625.0 | ||
| 007 | ta | ||
| 008 | 230509b bl.|||p| |||| 00| 00por d | ||
| 040 |
_aBR-BrBNA _bpor _cBiblioteca Nacional de Agricultura |
||
| 041 | _a(Pt) | ||
| 072 | _aL10 | ||
| 100 | 1 | _aGiannoni, M.A. | |
| 100 | 1 | _aFerrari, I. | |
| 245 | 1 | _aFusoes robertsonianas e a provavel formacao do par cromossomico numero 2 da especie Tayassu albirostris | |
| 650 | _aGENETICA ANIMAL | ||
| 650 | _aCROMOSSOMA | ||
| 650 | _aANIMAL SELVAGEM | ||
| 773 | 0 |
_tCiencia e Cultura (Brazil) _xISSN 0009-6725 _g(Aug 1976), v. 28(8) p. 924-927 _wBR7306766 |
|
| 909 |
_a202311 _bLúcia _c55 _dLúcia Elande |
||
| 942 |
_2AGRIS _n0 _cANA |
||
| 999 |
_c93321 _d93321 |
||